000
00239nam a2200097Ia 4500
005
20251222175817.0
008
251222s9999||||xx |||||||||||||| ||spa||
082
_a
DVD0010/K87/2001
245
0
_a
Cara de guerra:Full Metal Jacket
942
_c
DVD
999
_c
40353
_d
40353